000 00787nam a2200241 a 4500
001 66561
003 BD-RjUL
005 20211209081545.0
008 170318s2004 gw a 001 0 eng d
020 _a3527305548
035 _a(BD-RjUL)66691
040 _aBDS
_beng
_cBD-RjUL
_dBD-RjUL
041 _aeng
082 0 _223
_a615.1
_bPHA 2004
245 0 0 _aPharmaceutical biotechnology :
_bdrug discovery and clinical applications /
_cOliver Kayser, Rainer H. Müller.
260 _aWeinheim :
_bWiley-VCH,
_cc2004.
300 _axxv, 311 p. :
_bill. (some col.) ;
_c25 cm.
504 _aIncludes bibliographical references and index.
650 0 _aPharmaceutical biotechnology.
_9197020
700 1 _aKayser, Oliver.
_9197021
700 1 _aMüller, Rainer H.
_9197022
942 _2ddc
_cBK
999 _c66561
_d66561